000 00716nam a2200289Ia 4500
005 20260324144339.0
008 008 260324s9999 xx 000 0 eng d
020 _a9781351106092
037 _aEBOOK
040 _aCRL
040 _beng
040 _cCRL
041 _2eng
041 _aeng
084 _qCRL
100 _aClem Tisdell; Priyatosh Maitra
_91218985
245 0 _aTechnological Change, Development and the Environment
245 0 _bSocio-Economic Perspectives
260 _bTaylor and Francis
260 _c1988
365 _a
365 _b135
856 _uhttp://www.taylorfrancis.com/books/9781351106092
942 _cEBOOK
999 _c1825489
_d1825489